Ben Veli Küçük / (Record no. 15147)

MARC details
000 -BAŞLIK
Sabit Uzunlukta Kontrol Alanı 00659nam a22002177a 4500
999 ## - SİSTEM KONTROL NUMARALARI (KOHA)
Koha Biblionumber 15147
Koha Biblioitemnumber 15147
003 - KONTROL NUMARASI IDENTIFIER
Denetim Alanı MIRAKIL
005 - SON İŞLEM TARİHİ VE ZAMANI
Denetim Alanı 20230202124258.0
008 - SABİT-BOY VERİ ELEMANLARI - GENEL BİLGİLER
Sabit Uzunlukta Kontrol Alanı 230202b tu ||||| |||| 00| 0 tur d
020 ## - ULUSLARARASI STANDART KİTAP NUMARASI
Uluslararası Standart Kitap Numarası 9789753438186
040 ## - KATALOGLAMA KAYNAK
Orijinal Kataloglama Ajansı TR-AnCHP
Metne Dönüştürmek Ajansı TR-AnCHP
082 ## - DEWEY ONLU SINIFLANDIRMA NUMARASI
Sınıflandırma Numarası 320.9561
Ürün Numarası Ç51b 2013
100 ## - ANA GİRİŞ - KİŞİSEL İSİM
Kişisel Ad Çiçek, Hikmet
245 10 - BAŞLIK TABLOSU
Başlık Ben Veli Küçük /
Sorumluluk Tablosu, Vb Hikmet Çiçek.
260 ## - YAYIN, DAĞITIM, VB
Yayın, Dağıtım, Vb Yeri İstanbul :
Yayıncı, Dağıtıcı, Vs Adı Kaynak Yayınları,
Yayın, Dağıtım, Vb Tarihi 2013.
300 ## - FİZİKSEL TANIM
Kapsam 339 s.:
Diğer Fiziksel Ayrıntıları fotg.;
Boyutlar 23 sm.
490 0# - SERİSİ TABLOSU
Seri Beyanı Kaynak yayınları ;
Hacim / Ardışık Tanımı no 687
504 ## - KAYNAKÇA VB NOT
Kaynakça Vb Notu Dizin vardır.
650 #0 - KONU KATMA GİRİŞ - TOPİKAL DÖNEM
9 (RLIN) 9
Topikal Süreli Veya Coğrafi Ad Giriş Elemanı Siyaset ve yönetim
Genel Alt Bölümü Türkiye
650 #0 - KONU KATMA GİRİŞ - TOPİKAL DÖNEM
9 (RLIN) 5863
Topikal Süreli Veya Coğrafi Ad Giriş Elemanı Siyasal suçlar
Genel Alt Bölümü Ergenekon davası
Coğrafi Alt Bölümü Türkiye
942 ## - EKLENDİ GİRİŞ ELEMANLARI (KOHA)
Sınıflandırma Veya Raf Düzeni Kaynak Dewey Decimal Classification
Koha Öğesi Türü Books
Holdings
Kalıcı Konum Mevcut Konum Edinme Tarihi Toplam Check-Out'Lar Tam Çağrı Numarası Barkod Tarih Son Görülme İtibaren Geçerli Fiyatlar Koha Öğesi Türü
CHP Kütüphanesi CHP Kütüphanesi 02/02/2023   320.9561 Ç51b 2013 020718 02/02/2023 02/02/2023 Books